| 000 | 00528nam a2200193Ia 4500 | ||
|---|---|---|---|
| 008 | 240510s9999 xx 000 0 und d | ||
| 020 | _a0001850321248 | ||
| 041 | _aEng | ||
| 082 | _a005.757 | ||
| 082 | _bD17 | ||
| 100 | _aDELOBEL C.: LECLUSE C. : RICHARD P.: | ||
| 245 | 0 | _aDATABASE FROM RELATIONAL TO OBJECT-ORIENTED SYSTEMS | |
| 260 | _bLONDON : INTERNATIONAL | ||
| 260 | _c1995 | ||
| 300 | _a382 p. | ||
| 650 | _aDATABASE SYSTEMS : RELATIONAL DATABASE : OBJECT-ORIENTED DATABASE | ||
| 942 | _2ddc | ||
| 942 | _cRBK | ||
| 999 |
_c26587 _d26587 |
||
| 945 |
_a1 _bMadushi Gamage _c1 _dMadushi Gamage |
||